|
|
|
|
| LEADER |
00000nam0a2200000 4500 |
| 001 |
170256 |
| 005 |
20231031163653.0 |
| 020 |
|
|
|a RU
|b 85-42058
|
| 035 |
|
|
|a (RuTPU)RU\TPU\book\184648
|
| 035 |
|
|
|a RU\TPU\book\133428
|
| 090 |
|
|
|a 170256
|
| 100 |
|
|
|a 20091120d1987 m y0rusy5003 ca
|
| 101 |
0 |
|
|a rus
|
| 102 |
|
|
|a RU
|
| 105 |
|
|
|a a z 000zy
|
| 200 |
1 |
|
|a Ради жизни на земле
|e сборник
|f сост. Г. П. Солоницын
|
| 210 |
|
|
|a Москва
|c ДОСААФ СССР
|d 1987
|
| 215 |
|
|
|a 608 с.
|c ил.
|d 13 см
|
| 610 |
1 |
|
|a советская литература
|
| 610 |
1 |
|
|a документальные повести
|
| 610 |
1 |
|
|a Великая Отечественная война 1941-1945
|
| 675 |
|
|
|a 9(С)27
|z rus
|
| 702 |
|
1 |
|a Солоницын
|b Г. П.
|g Геннадий Павлович
|4 220
|
| 801 |
|
0 |
|a RU
|b RuMRKP
|c 19950704
|g psbo
|
| 801 |
|
1 |
|a RU
|b 63413507
|c 20071014
|g PSBO
|
| 801 |
|
2 |
|a RU
|b 63413507
|c 20091120
|g PSBO
|
| 942 |
|
|
|c BK
|